[Event "SERBIA OPEN 2023 - MASTERS"]
[Site "Belgrade,Metropol Palace hotel"]
[Date "2023.07.20"]
[Round "5.69"]
[White "Veljanoski, Andrej"]
[Black "Javadov, Habil"]
[Result "1-0"]
[WhiteElo "2327"]
[BlackElo "2091"]
[PlyCount "107"]
[EventDate "2023.07.16"]

1. e4 e6 2. d4 d5 3. Nc3 dxe4 4. Nxe4 Nd7 5. Nf3 Ngf6 6. Nxf6+ Nxf6 7. g3 b6 8. Bg2 Bb7 9. O-O Bd6 10. c4 O-O 11. Qe2 c5 12. Be3 Qc7 13. Rad1 Rad8 14. b3 Bxf3 15. Qxf3 cxd4 16. Bxd4 Be5 17. Be3 Rxd1 18. Rxd1 Rd8 19. h3 Rxd1+ 20. Qxd1 Bd6 21. Qf3 Nd7 22. Qa8+ Qb8 23. Qc6 Qc7 24. Qxc7 Bxc7 25. b4 Bd6 26. a3 Kf8 27. Bc6 Ke7 28. Kf1 Kd8 29. Ke2 Kc7 30. Bb5 Be5 31. Kd3 Nf6 32. Ba4 Bd6 33. Bd1 Nd7 34. Kc3 f5 35. Bf3 Ne5 36. Bg2 Nd7 37. Kb3 Be5 38. Ka4 Bb2 39. c5 bxc5 40. bxc5 Nb8 41. Kb3 Be5 42. Kc4 Kd7 43. Kb5 Kc7 44. Bd2 Kc8 45. c6 Bd6 46. a4 Be5 47. Be3 a6+ 48. Kc5 Bc7 49. Bf1 h6 50. Bc4 Kd8 51. Bxe6 f4 52. Bxf4 Bxf4 53. gxf4 Kc7 54. Bd5 1-0

[Event "SERBIA OPEN 2023 - MASTERS"]
[Site "Belgrade,Metropol Palace hotel"]
[Date "2023.07.20"]
[Round "5.70"]
[White "Southcott-Moyers, Indy"]
[Black "Mateus, Alejandro"]
[Result "1/2-1/2"]
[WhiteElo "2086"]
[BlackElo "2331"]
[PlyCount "96"]
[EventDate "2023.07.16"]

1. d4 d5 2. Bf4 Nf6 3. e3 c5 4. c3 Nc6 5. Nd2 e6 6. Ngf3 Bd6 7. Bg3 O-O 8. Bd3 b6 9. e4 dxe4 10. Nxe4 Nxe4 11. Bxe4 Bb7 12. dxc5 Bxc5 13. Qa4 Qc8 14. Bxh7+ Kxh7 15. Qh4+ Kg8 16. Ng5 Rd8 17. Qh7+ Kf8 18. Qh8+ Ke7 19. Qxg7 Rf8 20. Nh7 e5 21. Qf6+ Ke8 22. Nxf8 Be7 23. Qh8 Bxf8 24. O-O Qf5 25. Rfe1 f6 26. Rad1 Kf7 27. Qh4 Be7 28. Qc4+ Kg7 29. Kh1 Rc8 30. Qb5 Rd8 31. Rxd8 Nxd8 32. Qe8 Qe6 33. f4 Nf7 34. fxe5 fxe5 35. Qb5 Bf6 36. Qe2 Qxa2 37. Qg4+ Kf8 38. Qb4+ Be7 39. Qb5 Bd6 40. c4 Ba6 41. Qd7 Qxc4 42. Qxa7 Bb5 43. Qxb6 Bc6 44. Qf2 Qd3 45. Rf1 Bb5 46. Re1 Bc6 47. Rf1 Bb5 48. Re1 Bc6 1/2-1/2

[Event "SERBIA OPEN 2023 - MASTERS"]
[Site "Belgrade,Metropol Palace hotel"]
[Date "2023.07.20"]
[Round "5.71"]
[White "Shoshin, Kirill"]
[Black "Dimitrijevic, Dusan"]
[Result "1/2-1/2"]
[WhiteElo "2314"]
[BlackElo "2085"]
[PlyCount "94"]
[EventDate "2023.07.16"]

1. c4 c6 2. e4 d5 3. exd5 cxd5 4. cxd5 Nf6 5. Nc3 Nxd5 6. Nf3 Nc6 7. Bc4 Nb6 8. Bb3 Bf5 9. d4 e6 10. O-O Be7 11. d5 exd5 12. Nxd5 Nxd5 13. Bxd5 O-O 14. Be3 Nb4 15. Bc4 Bd3 16. Bxd3 Qxd3 17. Qa4 Rfd8 18. Rac1 Nc6 19. h3 h6 20. Rc3 Qe2 21. Rc2 Qd3 22. Rfc1 Bf6 23. Qg4 Kh7 24. b3 Qg6 25. Qf4 Rd7 26. b4 Rad8 27. b5 Nd4 28. Bxd4 Bxd4 29. h4 Bf6 30. g3 Rd5 31. a4 Qf5 32. Rc4 Rd1+ 33. Rxd1 Rxd1+ 34. Kg2 Qxf4 35. Rxf4 Ra1 36. Nd2 Kg6 37. Nb3 Re1 38. Kf3 h5 39. Re4 Rd1 40. Nc5 b6 41. Na6 Bb2 42. Nb4 Ba3 43. Nc6 Bc5 44. Rf4 f6 45. Nxa7 Rd2 46. Kg2 Kf7 47. Nc6 Ke6 1/2-1/2

[Event "SERBIA OPEN 2023 - MASTERS"]
[Site "Belgrade,Metropol Palace hotel"]
[Date "2023.07.20"]
[Round "5.72"]
[White "Andersen, Gunnar"]
[Black "Debevec, Blaz"]
[Result "1-0"]
[WhiteElo "2279"]
[BlackElo "2077"]
[PlyCount "71"]
[EventDate "2023.07.16"]

1. d4 Nf6 2. Nc3 d5 3. Bf4 e6 4. Nb5 Na6 5. e3 Be7 6. Nf3 Ne4 7. Bd3 f5 8. Ne5 O-O 9. f3 Nd6 10. Nc3 Nb4 11. Be2 Nc6 12. Nxc6 bxc6 13. Qd2 a5 14. Na4 Nb7 15. O-O c5 16. c4 cxd4 17. exd4 Bd7 18. Nc3 c6 19. c5 a4 20. Bd1 Na5 21. Bxa4 g5 22. Bg3 Nc4 23. Qe2 Bf6 24. Rad1 f4 25. Bf2 e5 26. dxe5 Bxe5 27. Bb3 Re8 28. Nxd5 Kh8 29. Qxc4 cxd5 30. Qxd5 Bb5 31. Rfe1 Qxd5 32. Rxd5 Rad8 33. c6 Bxb2 34. Rxe8+ Rxe8 35. c7 Rc8 36. Bb6 1-0

[Event "SERBIA OPEN 2023 - MASTERS"]
[Site "Belgrade,Metropol Palace hotel"]
[Date "2023.07.20"]
[Round "5.73"]
[White "Hilverda, Alexander"]
[Black "Marjanovic, Rastko"]
[Result "1/2-1/2"]
[WhiteElo "2256"]
[BlackElo "2072"]
[PlyCount "79"]
[EventDate "2023.07.16"]

1. e4 e5 2. Nf3 Nc6 3. Bb5 a6 4. Ba4 Nge7 5. c3 g6 6. d4 exd4 7. cxd4 Bg7 8. d5 b5 9. Bb3 Na5 10. Bd2 Nxb3 11. Qxb3 O-O 12. O-O d6 13. Bc3 Bxc3 14. Nxc3 Bg4 15. Nd4 Qb8 16. h3 Bd7 17. Rad1 Qb6 18. Kh1 b4 19. Nce2 c5 20. dxc6 Nxc6 21. Nxc6 Bxc6 22. Rxd6 Qc5 23. Rd4 Bb5 24. Rd2 Rad8 25. Rc2 Qe7 26. Qe3 Bd3 27. Rd2 Qxe4 28. Qxe4 Bxe4 29. Rfd1 Rxd2 30. Rxd2 Re8 31. Nf4 Kg7 32. Kg1 Bb1 33. a3 Re1+ 34. Kh2 bxa3 35. bxa3 Re4 36. Nd5 Re5 37. f4 Re6 38. Nc3 Be4 39. Kg3 Bf5 40. Kf2 1/2-1/2

[Event "SERBIA OPEN 2023 - MASTERS"]
[Site "Belgrade,Metropol Palace hotel"]
[Date "2023.07.20"]
[Round "5.75"]
[White "Vujovic, Vera"]
[Black "Gagic, Milan A"]
[Result "1-0"]
[WhiteElo "2054"]
[BlackElo "2254"]
[PlyCount "179"]
[EventDate "2023.07.16"]

1. e4 d5 2. exd5 Qxd5 3. Nc3 Qa5 4. d4 Nf6 5. Bd2 Bg4 6. Be2 Bxe2 7. Qxe2 c6 8. Nf3 Qa6 9. O-O-O Qxe2 10. Nxe2 Nbd7 11. h3 Ne4 12. Be3 Nb6 13. Nd2 Nxd2 14. Bxd2 e6 15. c3 a5 16. g4 h5 17. f4 Kd7 18. Ng3 hxg4 19. hxg4 Be7 20. Ne4 a4 21. Nf2 Nc4 22. Nd3 Bd6 23. Kc2 f6 24. Bc1 Ke7 25. Rde1 Kf7 26. Nf2 f5 27. g5 b5 28. Nd3 Nb6 29. a3 Nd5 30. Kd1 Rad8 31. Ke2 Nb6 32. Kf3 Nc4 33. Rd1 Kg6 34. Kg3 Nb6 35. Rhe1 Kf7 36. Re2 Nd5 37. Rde1 Rde8 38. Bd2 g6 39. Rh2 Rxh2 40. Kxh2 Rh8+ 41. Kg3 Rh5 42. Kg2 Ke7 43. Rf1 Kd7 44. Re1 Nb6 45. Bc1 Nc4 46. Rf1 Be7 47. Re1 Bf8 48. Re2 Rh4 49. Re1 Bd6 50. Kg3 Rh5 51. Kg2 Na5 52. Be3 Rh7 53. Bc1 Nb3 54. Be3 Bc7 55. Bf2 Bb8 56. Re3 Bd6 57. Re1 Nd2 58. Re2 Ne4 59. Be1 Rh5 60. Re3 Kc7 61. Re2 Kb6 62. Bf2 Kb7 63. Be1 Kc7 64. Re3 c5 65. dxc5 Bxc5 66. Rxe4 fxe4 67. Nxc5 e5 68. Nxe4 exf4 69. Kf3 Rh1 70. Bd2 Rf1+ 71. Ke2 Rb1 72. c4 Rxb2 73. cxb5 Kb6 74. Kf3 Rb3+ 75. Nc3 Rxa3 76. Kxf4 Ra1 77. Ke5 Rf1 78. Be3+ Ka5 79. b6 Rf5+ 80. Kd6 Ka6 81. Kc6 Rf3 82. Nd5 a3 83. b7 Rf8 84. Nc7+ Ka5 85. Bb6+ Ka4 86. Bd4 a2 87. Na8 Rd8 88. b8=Q Rxd4 89. Qb5+ Ka3 90. Qc5+ 1-0

[Event "SERBIA OPEN 2023 - MASTERS"]
[Site "Belgrade,Metropol Palace hotel"]
[Date "2023.07.20"]
[Round "5.76"]
[White "Argote Heredia, Valentina"]
[Black "Hemanth, Raam"]
[Result "0-1"]
[WhiteElo "2228"]
[BlackElo "2042"]
[PlyCount "34"]
[EventDate "2023.07.16"]

1. e4 e5 2. Nf3 Nc6 3. Bb5 a6 4. Ba4 d6 5. c3 Bd7 6. O-O g6 7. d4 Bg7 8. Re1 Nge7 9. Be3 O-O 10. Nbd2 exd4 11. cxd4 h6 12. d5 Ne5 13. Nxe5 dxe5 14. Bb3 Kh7 15. Nc4 Rc8 16. Rc1 a5 17. a4 f5 {...} 0-1

[Event "SERBIA OPEN 2023 - MASTERS"]
[Site "Belgrade,Metropol Palace hotel"]
[Date "2023.07.20"]
[Round "5.77"]
[White "Phatak, Aanjaneya"]
[Black "Sun, Fanghui"]
[Result "1/2-1/2"]
[WhiteElo "2040"]
[BlackElo "2228"]
[PlyCount "107"]
[EventDate "2023.07.16"]

1. e4 c5 2. Nf3 d6 3. d4 cxd4 4. Nxd4 Nf6 5. Nc3 a6 6. Bg5 e6 7. f4 h6 8. Bh4 Qb6 9. Qd2 Qxb2 10. Rb1 Qa3 11. e5 dxe5 12. fxe5 Nd5 13. Nxd5 exd5 14. e6 Bxe6 15. Nxe6 fxe6 16. Bd3 Be7 17. Bg6+ Kd8 18. Bxe7+ Qxe7 19. O-O Nd7 20. Rf7 Qc5+ 21. Kh1 Rf8 22. Rxg7 Rf6 23. Bd3 Kc7 24. c4 Raf8 25. Qb2 Qc6 26. cxd5 exd5 27. Rc1 Kb8 28. h3 Rf2 29. Qa3 Rxa2 30. Qxf8+ Nxf8 31. Rxc6 bxc6 32. Bf5 Re2 33. Rg8 Re8 34. Bd7 Rd8 35. Bxc6 d4 36. Be4 Ne6 37. Rxd8+ Nxd8 38. Kg1 Kc7 39. Kf2 Kd6 40. g4 Ke5 41. Kf3 Ne6 42. h4 Nc5 43. Bb1 a5 44. g5 hxg5 45. hxg5 a4 46. g6 Kf6 47. Ke2 a3 48. Kd2 Ne4+ 49. Kc1 Nc3 50. Bd3 Na4 51. Bb1 Nc5 52. Bc2 Na6 53. Be4 Nc5 54. Bc2 1/2-1/2

[Event "SERBIA OPEN 2023 - MASTERS"]
[Site "Belgrade,Metropol Palace hotel"]
[Date "2023.07.20"]
[Round "5.79"]
[White "Petrusic, Velimir"]
[Black "Fuentes Godoy, Lilia Ivonne"]
[Result "1-0"]
[WhiteElo "2020"]
[BlackElo "2196"]
[PlyCount "45"]
[EventDate "2023.07.16"]

1. d4 f5 2. Nf3 Nf6 3. Bg5 Ne4 4. h4 d5 5. Nbd2 Nd7 6. e3 Nxg5 7. hxg5 e6 8. Bd3 Be7 9. g6 h6 10. Qe2 Bf6 11. O-O-O Nf8 12. g4 fxg4 13. Nh2 c5 14. c3 c4 15. Bc2 g3 16. Ng4 b5 17. e4 g2 18. Rh2 Nxg6 19. exd5 Nf4 20. Qe4 Nxd5 21. Qg6+ Kd7 22. Ne4 Qe8 23. Ne5+ {...} 1-0

[Event "SERBIA OPEN 2023 - MASTERS"]
[Site "Belgrade,Metropol Palace hotel"]
[Date "2023.07.20"]
[Round "5.80"]
[White "Kulnev, Aleksandr"]
[Black "Popovic, Aleksandar M"]
[Result "1-0"]
[WhiteElo "2017"]
[BlackElo "2195"]
[PlyCount "30"]
[EventDate "2023.07.16"]

1. d4 Nf6 2. c4 c5 3. d5 e6 4. Nf3 exd5 5. cxd5 d6 6. Nc3 g6 7. Bf4 Bg7 8. h3 O-O 9. e3 Na6 10. Bxa6 bxa6 11. O-O Rb8 12. Qc2 Re8 13. Nd2 Rb4 14. Rfe1 Nh5 15. Bh2 Bf5 {...} 1-0

[Event "SERBIA OPEN 2023 - MASTERS"]
[Site "Belgrade,Metropol Palace hotel"]
[Date "2023.07.20"]
[Round "5.81"]
[White "Grozdanovic, Anastasia"]
[Black "Nurgali, Nazerke"]
[Result "0-1"]
[WhiteElo "1980"]
[BlackElo "2192"]
[PlyCount "62"]
[EventDate "2023.07.16"]

1. d4 d5 2. c4 e6 3. Nc3 h6 4. Nf3 Nf6 5. Bf4 Bd6 6. Bxd6 Qxd6 7. e3 O-O 8. c5 Qe7 9. Bd3 b6 10. b4 Bb7 11. O-O Nbd7 12. Re1 e5 13. e4 dxe4 14. Nxe4 Nxe4 15. Bxe4 Bxe4 16. Rxe4 f5 17. Re1 e4 18. Qb3+ Kh7 19. Nd2 Nf6 20. Nc4 Qd7 21. Rad1 f4 22. Qh3 Qxh3 23. gxh3 Rad8 24. Ne5 Rd5 25. h4 bxc5 26. bxc5 Rb8 27. Rd2 f3 28. h3 Re8 29. Ng4 Nxg4 30. hxg4 h5 31. Kh2 g5 {...} 0-1

[Event "SERBIA OPEN 2023 - MASTERS"]
[Site "Belgrade,Metropol Palace hotel"]
[Date "2023.07.20"]
[Round "5.82"]
[White "Gvozdenovic, Milos"]
[Black "Krstic, Milos"]
[Result "0-1"]
[WhiteElo "1966"]
[BlackElo "2183"]
[PlyCount "64"]
[EventDate "2023.07.16"]

1. Nf3 Nf6 2. c4 e6 3. b3 d5 4. Bb2 Be7 5. g3 O-O 6. Bg2 Nbd7 7. O-O b6 8. Nc3 Bb7 9. e3 c5 10. Qe2 a6 11. d3 Qc7 12. Nh4 d4 13. Nd1 Bxg2 14. Nxg2 e5 15. e4 Ne8 16. f4 exf4 17. gxf4 g6 18. Bc1 Ng7 19. Nf2 h5 20. Ne1 Rfe8 21. Nf3 Bd6 22. Nh3 Nf6 23. Qg2 Ng4 24. Nf2 Ne3 25. Bxe3 dxe3 26. Nh3 Bxf4 27. Nxf4 Qxf4 28. Ng5 Qe5 29. Nxf7 Qd4 30. Qxg6 e2+ 31. Rf2 Qxa1+ 32. Kg2 Rf8 0-1

[Event "SERBIA OPEN 2023 - MASTERS"]
[Site "Belgrade,Metropol Palace hotel"]
[Date "2023.07.20"]
[Round "5.83"]
[White "Ravic, Nenad"]
[Black "Bozinovic, Boban"]
[Result "1/2-1/2"]
[WhiteElo "2210"]
[BlackElo "1954"]
[PlyCount "51"]
[EventDate "2023.07.16"]

1. e4 c5 2. Nf3 Nc6 3. d4 cxd4 4. Nxd4 Nf6 5. Nc3 e5 6. Ndb5 d6 7. Bg5 a6 8. Na3 b5 9. Nd5 Be7 10. Bxf6 Bxf6 11. c3 O-O 12. Nc2 Bg5 13. a4 bxa4 14. Rxa4 a5 15. Bb5 Ne7 16. Ncb4 Nxd5 17. Nxd5 Be6 18. O-O Rb8 19. c4 Bxd5 20. Qxd5 Qb6 21. b4 axb4 22. Ra6 Qc7 23. Rc6 Qa5 24. Rxd6 b3 25. Qxe5 Qb4 26. Rdd1 1/2-1/2

[Event "SERBIA OPEN 2023 - MASTERS"]
[Site "Belgrade,Metropol Palace hotel"]
[Date "2023.07.20"]
[Round "5.84"]
[White "Huseynova, Lala"]
[Black "Efremov, Vladislav"]
[Result "0-1"]
[WhiteElo "1711"]
[BlackElo "2356"]
[PlyCount "20"]
[EventDate "2023.07.16"]

1. e4 c5 2. Nf3 Nc6 3. d4 cxd4 4. Nxd4 Nf6 5. Nc3 d6 6. Be3 Ng4 7. Nxc6 bxc6 8. Bf4 Qb6 9. Qd2 e5 10. Bg3 Be6 0-1

[Event "SERBIA OPEN 2023 - MASTERS"]
[Site "Belgrade,Metropol Palace hotel"]
[Date "2023.07.20"]
[Round "5.85"]
[White "Chelushkina, Irina"]
[Black "Pereverzev, Timofei"]
[Result "0-1"]
[WhiteElo "2162"]
[BlackElo "1895"]
[PlyCount "28"]
[EventDate "2023.07.16"]

1. g3 d5 2. Nf3 Nf6 3. Bg2 c5 4. O-O Nc6 5. d3 e5 6. Nc3 Be7 7. e4 d4 8. Ne2 O-O 9. Ne1 Ne8 10. f4 f6 11. f5 Nd6 12. g4 Kf7 13. c3 Ke8 14. Ng3 Kd7 {...} 0-1

[Event "SERBIA OPEN 2023 - MASTERS"]
[Site "Belgrade,Metropol Palace hotel"]
[Date "2023.07.20"]
[Round "5.86"]
[White "Hristova, Ivelina"]
[Black "Janjic, Stefan"]
[Result "1/2-1/2"]
[WhiteElo "1807"]
[BlackElo "2097"]
[PlyCount "56"]
[EventDate "2023.07.16"]

1. e4 c5 2. Nf3 e6 3. d4 cxd4 4. Nxd4 Nf6 5. Nc3 Nc6 6. a3 Be7 7. Be2 d5 8. Bb5 Bd7 9. exd5 Nxd5 10. Nxd5 exd5 11. O-O O-O 12. Be2 Qb6 13. Nb3 d4 14. Bf4 Be6 15. Qd3 Bxb3 16. cxb3 Bf6 17. Qf3 Rfe8 18. Bd3 Be5 19. b4 g6 20. Rfe1 Bxf4 21. Qxf4 a6 22. Bc4 Rxe1+ 23. Rxe1 Rf8 24. Re8 Nd8 25. Re4 Ne6 26. Qh6 Rc8 27. b3 Qc6 28. Rh4 b5 1/2-1/2

[Event "SERBIA OPEN 2023 - MASTERS"]
[Site "Belgrade,Metropol Palace hotel"]
[Date "2023.07.20"]
[Round "5.87"]
[White "Karaivanova, Petya"]
[Black "Zoric, Savo"]
[Result "1-0"]
[WhiteElo "1841"]
[BlackElo "2083"]
[PlyCount "93"]
[EventDate "2023.07.16"]

1. e4 c5 2. Nf3 Nc6 3. d4 cxd4 4. Nxd4 e5 5. Nb5 d6 6. N1c3 a6 7. Na3 Be7 8. Be3 Nf6 9. Nc4 b5 10. Nb6 Rb8 11. Nxc8 Qxc8 12. Be2 O-O 13. f3 b4 14. Nd5 Nxd5 15. Qxd5 Nd4 16. Bxd4 exd4 17. Rc1 Bf6 18. O-O Rb6 19. Kh1 Rc6 20. Bd3 Rd8 21. Qa5 Qb7 22. Qf5 Qc8 23. Qa5 Qb7 24. Qf5 Qd7 25. Qa5 Rb8 26. f4 Qd8 27. Qf5 Qc8 28. Qh5 Qe6 29. Rce1 Rc5 30. Qf3 a5 31. b3 Re8 32. Bc4 d5 33. Bd3 dxe4 34. Rxe4 Qd7 35. Qh3 Re6 36. Rxe6 Qxe6 37. Qxh7+ Kf8 38. Bc4 Qe3 39. Qh8+ Ke7 40. Qb8 Rxc4 41. bxc4 Qe2 42. Rg1 Ke6 43. Qe8+ Be7 44. Qc6+ Kf5 45. Qd5+ Kxf4 46. Qxd4+ Kf5 47. Qxg7 1-0

[Event "SERBIA OPEN 2023 - MASTERS"]
[Site "Belgrade,Metropol Palace hotel"]
[Date "2023.07.20"]
[Round "5.88"]
[White "Jovanovic, Sasa T"]
[Black "Baiture, Temirlan"]
[Result "1/2-1/2"]
[WhiteElo "2082"]
[BlackElo "1814"]
[PlyCount "44"]
[EventDate "2023.07.16"]

1. d4 d5 2. Nf3 Nf6 3. c4 c6 4. e3 e6 5. Nc3 Bd6 6. Qc2 O-O 7. Be2 Nbd7 8. O-O b6 9. e4 dxe4 10. Nxe4 Nxe4 11. Qxe4 Bb7 12. Bg5 Qc7 13. Bd3 g6 14. Qh4 c5 15. Be2 Rfe8 16. Rfd1 Rac8 17. Rac1 Nb8 18. Be3 Bxf3 19. Bxf3 cxd4 20. Bxd4 Be5 21. b3 Nd7 22. Be3 Nf6 {...} 1/2-1/2

[Event "SERBIA OPEN 2023 - MASTERS"]
[Site "Belgrade,Metropol Palace hotel"]
[Date "2023.07.20"]
[Round "5.89"]
[White "Stefanou, Konstantinos"]
[Black "Lyutsinger, Iren"]
[Result "1-0"]
[WhiteElo "2051"]
[BlackElo "1807"]
[PlyCount "51"]
[EventDate "2023.07.16"]

1. d4 Nf6 2. c4 g6 3. Nc3 Bg7 4. e4 d6 5. Be2 O-O 6. Be3 c5 7. d5 b5 8. cxb5 a6 9. a4 Qa5 10. Bd2 axb5 11. Bxb5 Ba6 12. Nge2 Bxb5 13. Nxb5 Qb6 14. Qc2 e6 15. dxe6 fxe6 16. O-O d5 17. exd5 exd5 18. Nf4 Nbd7 19. Rad1 Rae8 20. b4 c4 21. Be3 Rxe3 22. fxe3 Qxe3+ 23. Kh1 Ng4 24. Nxd5 Rxf1+ 25. Rxf1 Qe5 26. Nf6+ 1-0

[Event "SERBIA OPEN 2023 - MASTERS"]
[Site "Belgrade,Metropol Palace hotel"]
[Date "2023.07.20"]
[Round "5.90"]
[White "Kostic, Milutin B"]
[Black "Lapitsky, Sergey"]
[Result "1/2-1/2"]
[WhiteElo "2048"]
[BlackElo "1750"]
[PlyCount "78"]
[EventDate "2023.07.16"]

1. d4 d5 2. Nf3 Nf6 3. c4 c6 4. cxd5 cxd5 5. Nc3 Nc6 6. Bf4 a6 7. Rc1 Bf5 8. e3 e6 9. Qb3 Bb4 10. Be2 O-O 11. O-O Bd6 12. Bxd6 Qxd6 13. Na4 b5 14. Nc5 Ne4 15. Nxe4 Bxe4 16. Rc5 Bxf3 17. gxf3 Ne7 18. Rfc1 e5 19. Qc3 Qg6+ 20. Kh1 e4 21. f4 Qe6 22. Qa5 f5 23. Qc7 Rac8 24. Qe5 Qxe5 25. fxe5 Rxc5 26. Rxc5 Rc8 27. Rxc8+ Nxc8 28. a4 Na7 29. Kg2 Kf7 30. h4 h6 31. h5 g5 32. hxg6+ Kxg6 33. Kg3 Kg5 34. f3 bxa4 35. Bxa6 Nc6 36. Bb5 Na5 37. Bxa4 Nc4 38. f4+ Kg6 39. Be8+ Kg7 {...} 1/2-1/2

[Event "SERBIA OPEN 2023 - MASTERS"]
[Site "Belgrade,Metropol Palace hotel"]
[Date "2023.07.20"]
[Round "5.91"]
[White "Kalogridis, Themistoklis"]
[Black "Dumbelovic, Novak"]
[Result "1/2-1/2"]
[WhiteElo "1746"]
[BlackElo "2044"]
[PlyCount "115"]
[EventDate "2023.07.16"]

1. d4 Nf6 2. Nc3 d5 3. Bf4 a6 4. e3 e6 5. g4 Bb4 6. Nge2 O-O 7. a3 Be7 8. g5 Nh5 9. h4 c5 10. Bh2 b5 11. dxc5 Bxc5 12. Nd4 g6 13. Bxb8 Bxd4 14. Qxd4 Rxb8 15. Be2 Ng7 16. O-O-O Bb7 17. Bf3 Nf5 18. Qg4 Qc7 19. e4 dxe4 20. Bxe4 Rfc8 21. h5 Bxe4 22. Qxe4 Qe7 23. hxg6 fxg6 24. Rhe1 Qxg5+ 25. f4 Qf6 26. Qxe6+ Qxe6 27. Rxe6 Rc4 28. Rxa6 Rxf4 29. Nd5 Rd4 30. Ne7+ Kf7 31. Nxf5 Rxd1+ 32. Kxd1 gxf5 33. Ke2 Rc8 34. Ra5 Kg6 35. Rxb5 h5 36. Kd2 h4 37. Rb3 Kg5 38. Re3 Rb8 39. Ke2 Rxb2 40. Rc3 Kg4 41. Kf2 h3 42. Kg1 f4 43. Kh2 Ra2 44. a4 Rxa4 45. Rxh3 Rc4 46. c3 Kf5 47. Kg2 Ke4 48. Kf2 Ra4 49. c4 Rxc4 50. Ra3 Rc2+ 51. Kf1 Kf5 52. Rb3 Kg4 53. Ra3 Rc4 54. Kf2 Rc2+ 55. Kf1 Rh2 56. Kg1 Rb2 57. Kf1 Rd2 58. Rb3 1/2-1/2

[Event "SERBIA OPEN 2023 - MASTERS"]
[Site "Belgrade,Metropol Palace hotel"]
[Date "2023.07.20"]
[Round "5.92"]
[White "Cansu, Batuhan"]
[Black "Demirkol, Kerim Calvelo"]
[Result "1-0"]
[WhiteElo "2043"]
[BlackElo "1673"]
[PlyCount "83"]
[EventDate "2023.07.16"]

1. d4 Nf6 2. Nf3 g6 3. g3 Bg7 4. Bg2 O-O 5. O-O d6 6. b3 e5 7. dxe5 dxe5 8. Ba3 Qxd1 9. Rxd1 Re8 10. Nc3 e4 11. Nd4 e3 12. fxe3 c6 13. h3 Rxe3 14. Bb2 Nbd7 15. Kf2 Re8 16. a4 a5 17. Rab1 Nc5 18. e3 Bd7 19. g4 h5 20. gxh5 Nxh5 21. Ba3 Ne6 22. Nce2 Ng5 23. Nf4 Nxf4 24. exf4 Nxh3+ 25. Kg3 Re3+ 26. Nf3 Bf5 27. Bc1 g5 28. Bxe3 Nxf4 29. Bxf4 gxf4+ 30. Kxf4 Bxc2 31. Bf1 Bh6+ 32. Kg3 Bxb1 33. Rxb1 Rd8 34. Bc4 Kg7 35. Re1 Rd7 36. Re5 b6 37. Kg4 Kg6 38. Rf5 f6 39. Nh4+ Kg7 40. Rf3 Bg5 41. Nf5+ Kf8 42. Rh3 1-0

[Event "SERBIA OPEN 2023 - MASTERS"]
[Site "Belgrade,Metropol Palace hotel"]
[Date "2023.07.20"]
[Round "5.93"]
[White "Medic, Relja"]
[Black "Stefanovic, Bosko"]
[Result "0-1"]
[WhiteElo "1665"]
[BlackElo "2039"]
[PlyCount "76"]
[EventDate "2023.07.16"]

1. Nf3 e6 2. c4 Nf6 3. Nc3 d5 4. d4 c5 5. cxd5 Nxd5 6. e4 Nxc3 7. bxc3 cxd4 8. cxd4 Bb4+ 9. Bd2 Qa5 10. Rb1 Bxd2+ 11. Qxd2 Qxd2+ 12. Kxd2 b6 13. Bb5+ Bd7 14. Rhc1 Ke7 15. Ne5 Bxb5 16. Rxb5 f6 17. Nc6+ Nxc6 18. Rxc6 Rac8 19. Rxc8 Rxc8 20. Rb1 Rc4 21. Kd3 Ra4 22. Rb2 Kd6 23. Rc2 b5 24. Ke3 g5 25. h3 h5 26. g3 Ra3+ 27. Ke2 g4 28. hxg4 hxg4 29. Kd2 b4 30. Ke2 a5 31. Kd1 Rd3+ 32. Rd2 Rxd2+ 33. Kxd2 f5 34. d5 fxe4 35. dxe6 Kxe6 36. a3 bxa3 37. Kc3 a4 38. Kc2 Kd5 0-1

[Event "SERBIA OPEN 2023 - MASTERS"]
[Site "Belgrade,Metropol Palace hotel"]
[Date "2023.07.20"]
[Round "5.94"]
[White "Stojkovic, Nenad P"]
[Black "Dabhade, Arnav"]
[Result "0-1"]
[WhiteElo "2037"]
[BlackElo "1726"]
[PlyCount "100"]
[EventDate "2023.07.16"]

1. d4 d5 2. Nf3 Nf6 3. g3 e6 4. Bg2 Be7 5. c4 c6 6. O-O O-O 7. Nc3 Nbd7 8. b3 b6 9. Nd2 Bb7 10. e4 dxe4 11. Ncxe4 Nxe4 12. Nxe4 Nf6 13. Nc3 Qd7 14. Be3 Rac8 15. Qe2 c5 16. d5 exd5 17. cxd5 Bd6 18. Rfd1 Rcd8 19. Rac1 Rfe8 20. h3 Be5 21. Qc4 Qc8 22. b4 cxb4 23. Qxb4 Qa8 24. Qb3 Bxc3 25. Rxc3 Nxd5 26. Rcd3 Nxe3 27. Rxd8 Rxd8 28. Rxd8+ Qxd8 29. Bxb7 Qd1+ 30. Qxd1 Nxd1 31. Bd5 Nc3 32. Bb3 b5 33. Kf1 a5 34. a3 Nb1 35. Ke2 a4 36. Bc2 Nxa3 37. Be4 Nc4 38. Kd1 h6 39. Bb1 b4 40. Kc2 Na5 41. Ba2 Kf8 42. Bd5 Ke7 43. Kd3 f6 44. Kd4 Kd6 45. Bg8 h5 46. f4 Nc6+ 47. Ke4 Kc5 48. g4 Nd4 49. Kd3 b3 50. Kc3 a3 0-1

[Event "SERBIA OPEN 2023 - MASTERS"]
[Site "Belgrade,Metropol Palace hotel"]
[Date "2023.07.20"]
[Round "5.95"]
[White "Garabetyan, Arno"]
[Black "Barkasheva, Sofia"]
[Result "1-0"]
[WhiteElo "2035"]
[BlackElo "1636"]
[PlyCount "45"]
[EventDate "2023.07.16"]

1. d4 d5 2. c4 c6 3. Nf3 Nf6 4. Qc2 g6 5. Bf4 dxc4 6. Qxc4 Be6 7. Qc2 Bf5 8. Qb3 Qb6 9. Nbd2 Nbd7 10. e3 Bg7 11. Bc4 Qxb3 12. Bxb3 a5 13. a3 O-O 14. O-O Ne4 15. Rfd1 Nxd2 16. Rxd2 Bg4 17. h3 Bxf3 18. gxf3 e5 19. dxe5 Nxe5 20. Kg2 Ra6 21. Bg5 c5 22. Be7 Re8 23. Rad1 {Unreadable} 1-0

[Event "SERBIA OPEN 2023 - MASTERS"]
[Site "Belgrade,Metropol Palace hotel"]
[Date "2023.07.20"]
[Round "5.96"]
[White "Yessengali, Adizhan"]
[Black "Yilmaz, Baver"]
[Result "0-1"]
[WhiteElo "1663"]
[BlackElo "2023"]
[PlyCount "66"]
[EventDate "2023.07.16"]

1. b3 Nf6 2. Bb2 d5 3. e3 e6 4. Nf3 Be7 5. c4 b6 6. Be2 Bb7 7. O-O O-O 8. d4 c5 9. Nc3 Nc6 10. cxd5 exd5 11. Rc1 Rc8 12. dxc5 Bxc5 13. Bd3 d4 14. Na4 dxe3 15. Nxc5 exf2+ 16. Rxf2 bxc5 17. Bxf6 Qxf6 18. Rxc5 g6 19. Bc4 Rfd8 20. Qc1 Qe7 21. h4 Nd4 22. Ng5 Kg7 23. b4 f6 24. Nh3 Re8 25. Rxc8 Rxc8 26. Nf4 Ba6 27. Nd5 Rxc4 28. Qxc4 Qe1+ 29. Rf1 Nf3+ 30. Kh1 Bxc4 31. Rxe1 Nxe1 32. Nc3 Nc2 33. b5 Na3 0-1

[Event "SERBIA OPEN 2023 - MASTERS"]
[Site "Belgrade,Metropol Palace hotel"]
[Date "2023.07.20"]
[Round "5.97"]
[White "Barath, Kalyan M"]
[Black "Sakotic, Nikola"]
[Result "1-0"]
[WhiteElo "2020"]
[BlackElo "1631"]
[PlyCount "91"]
[EventDate "2023.07.16"]

1. b3 d5 2. Bb2 Bf5 3. d3 Nf6 4. Nd2 e6 5. g3 Nbd7 6. Bg2 c6 7. e4 dxe4 8. dxe4 Bg6 9. Qe2 Qc7 10. Ngf3 Be7 11. O-O O-O 12. a3 Rfd8 13. b4 c5 14. b5 Rac8 15. c4 Ne8 16. Rfd1 f6 17. Nh4 Bf7 18. Nf1 Nd6 19. Ne3 Nb6 20. a4 e5 21. Rac1 Nd7 22. Nhf5 Nf8 23. h4 g6 24. Nh6+ Kg7 25. Nxf7 Kxf7 26. Nd5 Qd7 27. Kh2 Ne8 28. Bh3 Ne6 29. Rd2 Bd6 30. Ba1 b6 31. Rcd1 Qb7 32. f4 exf4 33. Bxe6+ Kxe6 34. gxf4 Kf7 35. e5 Be7 36. Re1 f5 37. h5 Nc7 38. e6+ Ke8 39. Qe5 Nxd5 40. cxd5 Qb8 41. Qh8+ Bf8 42. Be5 Qb7 43. d6 Qf3 44. d7+ Rxd7 45. exd7+ Kf7 46. Qxh7+ 1-0